| 000 | 00564nam a2200229Ia 4500 | ||
|---|---|---|---|
| 003 | OSt | ||
| 005 | 20230413161324.0 | ||
| 008 | 210423s2009 xx 000 0 und d | ||
| 020 | _a199579520 | ||
| 040 | _cAL | ||
| 041 | _aeng | ||
| 082 |
_a330.0151 _223 _bRENG |
||
| 100 |
_aRENSHAW (Geoff) _988437 |
||
| 245 | _aMaths for economics | ||
| 260 |
_aOxford _bOxford University Press _c2009 |
||
| 300 |
_axxiv,238. _bPB |
||
| 365 |
_b595 _cINR |
||
| 650 |
_aEconomics _988438 |
||
| 650 |
_aEconomics _988438 |
||
| 906 | _aeconomics ; Maths | ||
| 942 |
_2ddc _cBK |
||
| 999 |
_c157465 _d157465 |
||